Österreich nach Buchstabe - Q, X, Y - Statistiken

Allgemein
  • Dieses Quiz wurde 54 mal gespielt
  • Das Durchschnittsergebnis liegt bei 9 aus 20
Antwortstatistiken
Hinweis Antwort % Korrekt
Deutsches Wort für Topfen Quark
97%
Möbelhauskette mit rotem Stuhl XXXLutz
75%
Fachgebiet von Wolfgang Pauli und Erwin Schrödinger Quantenphysik
69%
Anderes Wort für Ziehharmonika Quetschen
67%
Rechter Nebenfluss der Donau in Niederösterreich Ybbs
67%
Vorname von Regisseur Schwarzenberger ("Otto – Der Film") Xaver
64%
Sänger von "Junge, komm bald wieder" und "Heimweh (Dort, wo die Blumen blüh'n)" Quinn
56%
Sauermilchkäse Quargel
50%
Wurde unter anderem von KTM hergestellt Quads
47%
Frühere Jugendzeitschrift (ehemals Rennbahn-) Xpress
47%
Legendärer Kabarettist ("Der Herr Karl") Qualtinger
44%
Grätzl im 16. und 17. Wiener Gemeindebezirk Yppenviertel
28%
Milchprodukt aus Obers und Gelatine Qimiq
25%
Unwort des Jahres 2021 Querdenker
22%
Rennfahrer, der in den 70ern Erfolge bei der Sportwagen-WM feierte Quester
19%
Ehemalige Moderatorin des Ö3-Wecker (1969–1996) & Jury-Mitglied von "Dalli Dalli" Xander
19%
Hip-Hop Musiker ("Bianco", "Eisblock") Yung Hurn
19%
Linker Nebenfluss der Donau in Niederösterreich Ysper
14%
Partnerstadt von Leoben in China, nach der eine Promenade benannt wurde Xuzhou
11%
Partnerstadt von Kitzbühel in Japan Yamagata
11%
Keine übereinstimmenden Quizze gefunden
Verteilung der Resultate
Anzahl Personen mit jedem Resultat
Perzentil nach korrekt beantworteten Fragen
Ihre Resultats-Entwicklung
Sie haben dieses Quiz noch nicht gespielt